[Event "2nd Gujarat Open 2019"]
[Site "Ahmedabad, Gujarat"]
[Date "2019.09.24"]
[Round "4.24"]
[White "Nayak Rajesh"]
[Black "Vedant Nitin vekhande"]
[Result "1-0"]
[WhiteElo "2227"]
[BlackElo "1894"]
[Annotator "TA"]
[PlyCount "141"]
[EventDate "2019.09.22"]
[EventCountry "IND"]
[SourceTitle "playchess.com"]
[Source "ChessBase"]
[SourceQuality "1"]

{[%evp 15,140,23,24,-11,-11,0,31,6,0,6,6,-12,0,-20,50,50,63,51,58,47,58,47,72,71,71,69,71,68,89,89,96,96,98,20,13,13,102,87,107,0,108,109,104,95,95,95,95,95,95,95,95,66,95,0,95,0,112,95,95,95,106,104,142,115,115,115,119,119,119,119,385,351,364,385,372,314,393,378,375,319,345,345,421,345,532,414,511,456,831,879,828,811,727,680,1067,1037,1029,946,835,930,1694,1745,1074,1594,2161,2091,2920,2590,29991,2814,29991,29992,29994,29995,29995,29996,29996,29997,29997,29997,29997,29997,29997,29998,29998,29999,29999]} 1. Nf3 Nf6 2. g3 g6 3. b3 Bg7 4. Bb2 O-O 5. Bg2 d6 6. d4 Nbd7 7. O-O c6 8. Nbd2 Re8 9. Nc4 {A49: 1 d4 Nf6 2 Nf3 g6 3 g3: Anti-King's Indian systems} (9. e4 e5 10. dxe5 dxe5 11. Re1 b5 12. a4 Qc7 13. Qe2 a6 14. Red1 Nc5 15. Ne1 Bg4 16. Bf3 Be6 17. Nd3 Nfd7 18. Nxc5 Nxc5 19. Ba3 Bf8 20. Qe3 Nd7 21. Bxf8 Rxf8 {½-½ (58) Muthaiah,A (2420)-Amonatov,F (2624) Mumbai 2019}) 9... Qc7 10. a4 d5 11. Nce5 {White is slightly better.} Nxe5 12. Nxe5 Nd7 13. f4 Nxe5 14. fxe5 f5 (14... Be6 $11) 15. Qd3 $14 e6 16. Ba3 b6 17. Bd6 $146 Qd7 18. a5 b5 19. h4 Bf8 20. Bxf8 Rxf8 21. b4 h5 22. Qd2 Kh7 23. Ra3 {[%cal Ba1a3,Ba3d3,Bd3d2][%mdl 32]} a6 24. e4 ({White should try} 24. c3 $16) 24... dxe4 $11 25. Bxe4 Bb7 (25... Rd8 $11 26. Bg2 Qxd4+ 27. Qxd4 Rxd4) 26. Bg2 $16 Rfd8 27. Kh2 ({White should play} 27. Rd3 $16) 27... Rac8 (27... c5 $1 $11) 28. Rd3 Qe7 29. c3 Rd7 30. Qf4 Qd8 31. Rd2 Rcc7 32. Rff2 Kg7 33. Bf3 Kh7 34. Kg1 (34. Kg2 $16) 34... Kg7 (34... c5 $11 {keeps the balance.}) 35. Rh2 ({Better is} 35. Bd1 $16) 35... Kg8 (35... c5 $1 $11 {remains equal.} 36. bxc5 Bxf3 37. Qxf3 Rxc5) 36. Qh6 Rg7 37. Kf2 $36 {[%mdl 2048] White is on the roll.} Bc8 38. Ke3 (38. Ke1 {is interesting.} Rh7 39. Qf4 Bb7 40. Kd1 Rcg7 41. Kc2) 38... Bd7 39. Qg5 Qxg5+ 40. hxg5 Be8 41. Rc2 Rc8 42. c4 Rgc7 $2 {[%mdl 8192] [#]} (42... bxc4 $16 43. Rxc4 Rgc7) 43. cxb5 $1 $18 axb5 44. Rc5 Kf8 45. Rhc2 Ke7 46. d5 exd5 {[#]} 47. Bxd5 $1 {[%mdl 576] Pin} Bd7 (47... cxd5 48. Rxc7+) 48. e6 Be8 49. Bb3 Kd6 (49... Rb7 {was necessary.} 50. Rd2 Ra7) 50. Kf4 Ke7 51. Rd2 Rd8 (51... Ra8 $142 52. Rd3 Rcc8) 52. Rxd8 Kxd8 {[%mdl 4096] Endgame KRB-KRB} 53. Ke5 Ke7 54. Rc1 Rc8 55. a6 Rc7 56. Ra1 {White threatens a7 and mate.} Ra7 57. Ra2 c5 58. bxc5 b4 59. Bd5 Bb5 60. Ra5 Be2 61. c6 {White wants to mate with c7!} f4 62. gxf4 (62. c7 $142 Rxc7 63. a7 Rc8 64. a8=Q Rxa8 65. Rxa8 Bg4 66. Ra7+ Kf8 67. e7+ Ke8 68. Kf6 Be6 69. Kxe6 fxg3 70. Bc6#) 62... h4 {[#]} 63. c7 $1 {White mates.} Bxa6 {[#]} (63... Rxc7 64. a7) 64. c8=Q $1 {[%mdl 512]} Bxc8 65. Rxa7+ Ke8 66. Bc6+ Bd7 67. Bxd7+ Kf8 68. Kf6 {[%cal Ra7a8]} Kg8 69. e7 Kh7 70. e8=Q {[%cal Rd7h3]} h3 71. Bf5# {Accuracy: White = 62%, Black = 28%.} 1-0

[Event "2nd Gujarat Open 2019"]
[Site "Ahmedabad, Gujarat"]
[Date "2019.09.24"]
[Round "4.25"]
[White "Kshatriya Nitin Vekhande"]
[Black "Ziatdinov, Raset"]
[Result "0-1"]
[WhiteElo "1926"]
[BlackElo "2222"]
[Annotator "TA"]
[PlyCount "90"]
[EventDate "2019.09.22"]
[EventCountry "IND"]
[SourceTitle "playchess.com"]
[Source "ChessBase"]
[SourceQuality "1"]

{[%evp 12,89,20,15,38,40,44,36,35,39,51,41,38,30,48,38,39,32,58,30,49,45,52,47,55,55,57,60,66,50,81,92,147,151,156,138,141,158,141,125,174,17,27,-68,-25,-33,-10,-11,0,-33,-31,-23,-14,-63,-67,-71,-15,-12,-6,0,22,-147,-159,-153,0,-147,-165,-199,-207,-295,-280,-29995,-29996,-29996,-29997,-29997,-29998,-29998,-29999,-29999]} 1. e4 e5 2. Nf3 Nc6 3. Bb5 Nf6 4. d3 d6 5. c3 Be7 6. O-O O-O 7. Nbd2 {[%cal Bb1d2,Bd2f1,Bf1g3][%mdl 32]} Bd7 {C65: Ruy Lopez: Berlin Defence (3...Nf6), unusual lines and 4 0-0 Bc5} 8. Ba4 Rb8 (8... Re8 9. Re1 Bf8 10. Nf1 h6 11. Ng3 Ne7 12. Bxd7 Qxd7 13. d4 Ng6 14. Be3 Ng4 15. Bd2 {½-½ (53) Harikrishna,P (2733)-Naiditsch,A (2721) Porto Carras 2018}) 9. Re1 b5 {White is slightly better.} 10. Bc2 Qc8 11. Nf1 b4 12. Ng3 bxc3 13. bxc3 Re8 14. h3 g6 15. Ng5 h6 $146 16. Nf3 Bf8 17. Bd2 Na5 18. Qc1 Kh7 19. Qa3 Nc6 20. Bb3 d5 21. Qc1 dxe4 ({Better is} 21... Be6) 22. Nxe4 $16 ({Much worse is} 22. dxe4 $6 Be6 $11) 22... Nxe4 23. Rxe4 {aiming for Bxh6!} ({But not} 23. dxe4 $6 Be6 $14) 23... f5 24. Rh4 {[%cal Rd2h6]} h5 25. Ng5+ Kg7 26. Bd5 $2 (26. Qd1 $1 $18) 26... Be7 $11 {Hoping for ...f4.} 27. f4 (27. Ra4 $11) 27... Bxg5 28. fxg5 Ne7 29. c4 $1 Bc6 30. Bc3 (30. Qc3 $5 {[%cal Rc3e5]} Nxd5 31. cxd5 Bxd5 32. Re1 $15) 30... Nxd5 31. cxd5 Bxd5 32. Qf4 Kg8 33. Bxe5 Qb7 (33... Rb6 $17 34. Rc1 c5) 34. Rc1 Re7 35. Bc3 Re2 36. Kf1 $2 {[#]} (36. Qd4 $11 Qb6 37. Kf1 $1 {[%mdl 512]} Qxd4 38. Rxd4) 36... Rbe8 $1 $17 37. Qd4 {[%csl Gc3][%cal Rd4g7]} Bxg2+ $40 {[%mdl 128] Black is up to no good.} 38. Kg1 {[%csl Gc3][%cal Rd4g7]} Qb6 39. Qxb6 axb6 40. Bf6 (40. Rf4 $142) 40... Bd5 $19 {Threatens to win with ...c5.} ({Resist} 40... Rxa2 41. Rhc4 $19) 41. Rxc7 $2 (41. Rf4 $19) 41... Re1+ {Black mates.} 42. Kf2 R8e2+ {[%mdl 64] Double Attack} 43. Kg3 Rg1+ 44. Kf4 Rf1+ 45. Kg3 Rf3# {Accuracy: White = 41%, Black = 46%.} 0-1

[Event "2nd Gujarat Open 2019"]
[Site "Ahmedabad, Gujarat"]
[Date "2019.09.24"]
[Round "4.26"]
[White "Priyankara, Chamil"]
[Black "Gandhi, Anish"]
[Result "1/2-1/2"]
[WhiteElo "1917"]
[BlackElo "2201"]
[Annotator "TA"]
[PlyCount "142"]
[EventDate "2019.09.22"]
[EventCountry "IND"]
[SourceTitle "playchess.com"]
[Source "ChessBase"]
[SourceQuality "1"]

{[%evp 15,142,8,0,0,21,21,18,5,11,0,0,0,0,0,10,0,27,11,26,17,18,30,47,-42,7,0,0,-10,-18,-6,0,0,65,57,54,54,60,38,92,92,97,0,141,61,86,63,99,85,75,64,76,58,65,62,95,75,94,89,85,85,91,74,74,75,82,65,92,90,85,92,165,152,179,154,248,248,248,248,306,248,261,194,269,168,168,0,244,253,239,156,154,152,176,174,341,335,380,260,271,271,269,271,250,79,79,79,79,79,163,79,79,79,289,289,260,250,233,0,0,0,0,0,0,0,0,0,0,0,0]} 1. d4 Nf6 2. c4 g6 3. Nc3 d5 4. Bg5 Bg7 5. Nf3 Ne4 6. Bh4 Nxc3 7. bxc3 dxc4 8. e3 b5 9. Be2 {D91: Grünfeld: 4 Nf3 Bg7 5 Bg5} (9. a4 c6 10. Qb1 a6 11. Be2 Nd7 12. O-O Nb6 13. Ne5 Bxe5 14. dxe5 Nxa4 15. Bf3 Nxc3 16. Qb4 Nd5 17. Qc5 Bb7 {1-0 (40) Nakamura,H (2767)-Aronian,L (2797) Saint Louis 2014}) 9... O-O 10. a4 c6 11. O-O Nd7 12. axb5 cxb5 13. Qb1 a6 14. Qe4 {[%mdl 64] Double Attack} Ra7 15. Qxe7 {[#]} Qb6 $146 ({Predecessor:} 15... Qxe7 16. Bxe7 Re8 17. Bd6 Nf6 {1-0 (77) Georgiev,K (2627)-Leenhouts,K (2502) Roquetas de Mar 2017}) 16. Rfb1 Bb7 17. Nd2 Nf6 18. Qa3 Qe6 19. Qc5 (19. Rxb5 $14 axb5 20. Qxa7) 19... Rfa8 {Threatens to win with ...Nd5.} 20. Bxf6 $1 Bxf6 21. Qa3 Be7 22. Qc1 h5 23. Qd1 Rc8 {[#]} (23... Kg7 $11) 24. Rxb5 $1 $14 {[%mdl 576] Hoping for Rba5. Pin} Qc6 {[%csl Gb7][%cal Rc6g2] [#]} (24... axb5 25. Rxa7) 25. Rxb7 $1 {[%mdl 512]} Qxb7 (25... Rxb7 26. Bf3) 26. Bxc4 Qb2 ({Black should try} 26... Kg7 $14) 27. Rb1 $16 ({Not} 27. Bxa6 Rxc3 28. Nf1 Qc2 $17) 27... Qa3 28. Ra1 (28. Qc2 $16 {Qxg6+ is the strong threat.} Kg7 29. Bb3) 28... Qd6 (28... Qb2 $1 $11 {keeps the balance.}) 29. Qf3 ({White should play} 29. Bf1 $16) 29... Qf6 $14 30. Qd5 Bf8 31. g3 Qc6 32. Qa5 h4 33. Rc1 Qd6 34. Rb1 Rc6 35. Bd5 Qc7 36. Qxc7 Rcxc7 37. c4 ({Much weaker is} 37. gxh4 $6 Rxc3 38. Ne4 Rc8 $11) 37... a5 38. gxh4 a4 39. c5 a3 40. Ra1 Rd7 41. Bc6 Rd8 42. Nc4 $1 a2 (42... Rc8 $16) 43. Nb6 $1 $18 Rc7 44. Be4 Bxc5 (44... Bg7 $16 {might work better.}) 45. dxc5 Rxc5 46. Rxa2 Rb5 47. Na4 Rb4 48. f3 Rc8 (48... f5 $142) 49. Nb2 {Black must now prevent Nd3.} Rd8 {Black wants to play ...Rd2.} 50. Na4 (50. Bc2 $142) 50... Rc8 $1 51. Kf2 Kg7 52. Ke2 f5 53. Bd5 Rxh4 {[#]} 54. Kd3 $1 Rch8 $2 (54... Rd8 {keeps fighting.}) 55. Nc5 Rxh2 56. Ra7+ Kh6 57. Ne6 Rb8 58. f4 {And now Ng5 would win.} Rbb2 {intending ...Rhd2+.} 59. Ng5 $2 (59. Kc3 $18 {has better winning chances.}) 59... Rhd2+ $16 60. Kc3 {[%csl Gg5][%cal Ra7h7]} Rbc2+ 61. Kb3 {[%csl Gg5][%cal Ra7h7]} Kh5 (61... Rb2+ $16 62. Ka3 Kh5 63. Rh7+ Kg4) 62. Nf3 (62. Bf3+ $18 {and White stays clearly on top.} Kh4 63. Bd1 Rb2+ 64. Kc3) 62... Rb2+ 63. Ka3 Re2 $2 (63... Kg4 $16) 64. Ne5 $18 {[%cal Ra7h7]} Kh4 {[#]} 65. Bc4 $1 Rec2 66. Rg7 $2 (66. Bb3 $18 Re2 67. Bc4) 66... Rb6 $11 {The position is equal.} 67. Nxg6+ Rxg6 68. Rxg6 Rxc4 69. Re6 Kg4 70. Kb3 Rc8 71. Re5 Rc7 {Accuracy: White = 50%, Black = 42%.} 1/2-1/2

[Event "2nd Gujarat Open 2019"]
[Site "Ahmedabad, Gujarat"]
[Date "2019.09.24"]
[Round "4.27"]
[White "Sparsh Khandelwal"]
[Black "Deshmukh, Anup"]
[Result "0-1"]
[WhiteElo "1868"]
[BlackElo "2193"]
[Annotator "TA"]
[PlyCount "42"]
[EventDate "2019.09.22"]
[EventCountry "IND"]
[SourceTitle "playchess.com"]
[Source "ChessBase"]
[SourceQuality "1"]

{[%evp 9,104,-16,0,-25,-20,-20,-26,-32,-36,-20,0,15,13,19,43,11,53,7,39,-2,-3,-3,-3,-4,-6,-8,-6,-73,-61,-60,-2,-12,0,0,0,0,0,0,0,0,0,-75,-15,-71,-70,-75,-70,-127,-89,-206,-220,-205,-189,-227,-219,-389,-389,-370,-363,-339,-305,-437,-414,-373,-381,-381,-368,-695,-647,-748,-650,-631,-524,-1198,-1175,-1077,-824,-2203,-1472,-1876,-1766,-1395,-1275,-1554,-485,-453,-420,-2421,-1110,-3243,-2691,-5700,-4722,-5442,-4618,-6111,-5895]} 1. e4 Nc6 2. Bc4 e6 3. d4 (3. Nc3 Nf6 4. d3 d5 5. Bb5 dxe4 6. Bxc6+ bxc6 7. Nxe4 Nxe4 8. dxe4 Qxd1+ 9. Kxd1 Ba6 10. Be3 {0-1 (45) Savchenko,B (2633)-Arutinian,D (2527) Almaty 2016}) 3... d5 4. exd5 exd5 5. Bb3 Nf6 6. h3 {B00: Queen's Fianchetto Defence, Nimzowitsch Defence} Bd6 7. Ne2 O-O 8. Bg5 {Black has an edge.} Re8 9. O-O Rxe2 {[%mdl 64] Remove Defender} 10. Qxe2 Nxd4 11. Qd3 $146 c5 12. c3 Bf5 (12... Ne6 $5 {[%cal Re6g5]} 13. Bxf6 Qxf6 $11) 13. Qd1 Nxb3 (13... Ne6 $5 {[%cal Re6g5]} 14. Qxd5 Bh2+ {[%mdl 64] Decoy} 15. Kxh2 Qc7+ 16. Bf4 Qxf4+ 17. g3 Nxd5 18. gxf4 Ndxf4 $11) 14. Qxb3 h6 15. Bxf6 Qxf6 16. Qxd5 Rd8 $1 {Threatens to win with ...Bh2+!} 17. Qf3 $1 Qe5 {[%csl Gd6][%cal Re5h2]} 18. Qg3 (18. g3 $11) 18... Qe2 $17 19. Qf3 Qxf3 (19... Qxb2 $15 20. Nd2 Bd3) 20. gxf3 $11 Bxh3 21. Rd1 {[#]} Kf8 {Played: Bd6-h2} 0-1

[Event "2nd Gujarat Open 2019"]
[Site "Ahmedabad, Gujarat"]
[Date "2019.09.24"]
[Round "4.28"]
[White "Bidhar, Rutumbara"]
[Black "Mehdi Hasan Parag"]
[Result "1/2-1/2"]
[WhiteElo "1847"]
[BlackElo "2183"]
[Annotator "TA"]
[PlyCount "112"]
[EventDate "2019.09.22"]
[EventCountry "IND"]
[SourceTitle "playchess.com"]
[Source "ChessBase"]
[SourceQuality "1"]

{[%evp 9,112,26,13,18,23,14,25,20,27,0,9,-9,22,25,30,16,41,33,87,79,72,47,58,46,61,59,83,68,70,65,100,29,137,89,159,77,129,68,50,64,63,54,76,32,35,17,123,108,108,108,109,109,331,328,320,320,319,315,290,246,718,240,233,172,120,117,1136,1093,1168,1136,984,984,1291,1291,29965,29966,29966,29966,29967,29968,29966,29967,29967,29968,1535,90,90,90,90,90,90,90,90,90,90,90,90,90,90,90,90,90,90,0,90]} 1. e4 c6 2. d4 d5 3. e5 c5 4. dxc5 e6 5. a3 (5. Bd3 Bxc5 6. Qg4 Ne7 7. b4 h5 8. Qf4 Bb6 9. Nf3 Nbc6 10. Nbd2 a5 11. b5 Nb4 12. Ba3 Nxd3+ 13. cxd3 {1-0 (25) Dominguez Perez,L (2760)-Nepomniachtchi,I (2775) Dortmund 2019}) 5... Bxc5 6. Nf3 {B12: Caro-Kann: Advance Variation} Ne7 7. b4 Bb6 8. Bb2 {White has an edge.} Ng6 9. g3 (9. h4 {is more complex.} a5 10. h5 Ne7 11. h6 g6 12. Nbd2) 9... O-O 10. Bd3 a5 11. Nbd2 Nd7 12. O-O f6 13. exf6 Nxf6 (13... gxf6 $14 14. Bxg6 hxg6) 14. Bxg6 hxg6 15. Ne5 $146 Qe8 16. c4 axb4 17. axb4 Rxa1 18. Bxa1 Nd7 19. c5 Bc7 20. Re1 (20. Nef3 $16) 20... Rf5 (20... Bxe5 $11 21. Bxe5 Nxe5 22. Rxe5 Qb5) 21. Qa4 Kf8 (21... Rf8 $142) 22. Ndf3 (22. Nef3 $142) 22... g5 (22... Bxe5 $142 23. Nxe5 Nxe5 24. Qxe8+ Kxe8 25. Rxe5 (25. Bxe5 Rf3 $16) 25... Rf3) 23. h3 ({Better is} 23. Qa3 $16) 23... Nxe5 $14 24. Qxe8+ Kxe8 25. Nxe5 Bxe5 26. Rxe5 (26. Bxe5 {looks sharper.} Bd7 27. Re3 Kf7 28. g4 d4 29. Bxd4 Rf4 30. Bc3) 26... g6 27. Rxf5 gxf5 {[%mdl 4096] Endgame KB-KB} (27... exf5 $11 28. Kg2 Kd7) 28. f4 gxf4 29. gxf4 Bd7 30. Kf2 Kf7 $2 (30... e5 $16) 31. Ke3 $1 $18 Bb5 32. Kd4 $1 {[%cal Rd4e5]} Kf6 33. h4 Be8 34. Bc3 Bb5 $2 (34... Bc6 35. h5 e5+ 36. fxe5+ Kg5) 35. Be1 $2 (35. h5 Be8 36. h6) 35... Be2 36. Bf2 Bb5 37. h5 Be8 $2 {[%mdl 8192]} (37... e5+ $16 38. fxe5+ Kg5) 38. h6 $1 Kg6 39. Ke5 Kxh6 40. Kxe6 Kg6 41. Kxd5 Kf6 42. Kd6 Bc6 43. Bh4+ Kf7 44. Bg5 Kf8 45. Kc7 Ke8 46. Bh4 Kf7 {[#]} 47. b5 $2 (47. Kb6 $1 $18 {is the precise move to win.} Be4 48. b5) 47... Bxb5 $16 48. Kxb7 Be2 49. Kc8 Bb5 {[#]} 50. Kc7 $1 Ke6 51. Kb6 Be2 52. c6 {c7 is the strong threat.} Bf3 53. Be1 Be4 54. Bb4 Bf3 55. Bc3 Be4 56. Bb4 Bf3 $1 {Accuracy: White = 58%, Black = 43%.} 1/2-1/2

[Event "2nd Gujarat Open 2019"]
[Site "Ahmedabad, Gujarat"]
[Date "2019.09.24"]
[Round "4.29"]
[White "Soham Datar"]
[Black "Chauhan, Joy"]
[Result "1/2-1/2"]
[WhiteElo "2160"]
[BlackElo "1872"]
[Annotator "TA"]
[PlyCount "55"]
[EventDate "2019.09.22"]
[EventCountry "IND"]
[SourceTitle "playchess.com"]
[Source "ChessBase"]
[SourceQuality "1"]

{[%evp 12,55,32,5,23,0,-4,-20,-14,-11,0,-14,-6,-52,-51,-73,-63,-81,-53,-50,-47,-62,-72,-96,-97,-110,-108,-147,-148,-235,-81,-93,-62,-78,-19,-21,-19,-20,-20,-22,-21,-55,-47,-40,-49,-54]} 1. c4 c5 2. Nc3 b6 3. Nf3 Nf6 4. g3 Bb7 5. Bg2 g6 6. O-O Bg7 7. d3 d6 {A30: Symmetrical English: Double Fianchetto and Hedgehog} (7... Nc6 8. e4 O-O 9. h3 d6 10. Be3 Rc8 11. b3 e5 12. Qd2 Nh5 13. Rab1 Kh8 14. Bh6 f5 15. Bxg7+ Nxg7 16. Qh6 Qd7 17. Nh4 Ne7 18. f4 fxe4 19. dxe4 {1-0 (41) Bacrot,E (2730)-Zhao,X (2579) Cap d'Agde 2013}) 8. h3 O-O 9. a3 Nc6 {The position is equal.} 10. e4 Ne8 11. Be3 Nd4 12. Bxd4 (12. h4 {seems wilder.} h5 13. Rc1 Bc8 14. Nd2 Bg4 15. f3) 12... cxd4 13. Ne2 e5 14. Nd2 f5 15. f4 Qd7 $146 16. Kh2 Nf6 17. Rc1 Rae8 18. Qc2 Nh5 19. Rf2 exf4 20. Nxf4 {[#]} (20. gxf4 $17 Nxf4 21. Nxf4) 20... Nxf4 $2 (20... Nxg3 $1 $19 {[%mdl 512] has better winning chances.} 21. Kxg3 Be5) 21. gxf4 $17 fxe4 22. Nxe4 Bxe4 (22... Bh6 $17 23. Rcf1 d5 24. cxd5 Bxd5) 23. Bxe4 $11 {[#]} Rxf4 $1 {[%mdl 512]} 24. Rxf4 Be5 25. Rcf1 {Kg2 is the strong threat.} Rf8 {[%mdl 64] Pin} 26. Kg2 Rxf4 27. Rxf4 Bxf4 28. Qf2 {Accuracy: White = 34%, Black = 38%.} 1/2-1/2

[Event "2nd Gujarat Open 2019"]
[Site "Ahmedabad, Gujarat"]
[Date "2019.09.24"]
[Round "4.30"]
[White "Chilukuri Sai Varshith"]
[Black "Sanket Chakravarty"]
[Result "1/2-1/2"]
[WhiteElo "1813"]
[BlackElo "2158"]
[Annotator "TA"]
[PlyCount "40"]
[EventDate "2019.09.22"]
[EventCountry "IND"]
[SourceTitle "playchess.com"]
[Source "ChessBase"]
[SourceQuality "1"]

{[%evp 19,40,12,16,0,21,0,58,0,34,8,65,58,53,23,58,44,54,31,41,30,34,21,35]} 1. d4 Nf6 2. c4 e6 3. Nc3 d5 4. cxd5 exd5 5. Bg5 Nbd7 6. e3 Be7 7. Bd3 c6 8. Nge2 O-O 9. Qc2 Re8 10. O-O Nf8 11. h3 $146 {D36: Queen's Gambit Declined: Exchange Variation: Main line (5 Bg5 c6 6 Qc2)} (11. f3 g6 12. Bh4 Ne6 13. Kh1 b5 14. Rad1 Bb7 15. Qc1 Rc8 16. e4 b4 17. Na4 Qa5 18. b3 c5 19. Nxc5 Nxc5 20. dxc5 Rxc5 {½-½ (41) Mamedyarov,S (2767)-Radjabov,T (2758) Khanty-Mansiysk 2019}) 11... Ng6 12. Rab1 b6 (12... Nh5 $11 13. Bxe7 Qxe7) 13. Rfd1 (13. b4 $14) 13... Be6 (13... Nh5 $5 {[%cal Re7g5]} 14. Bxe7 Qxe7 $11) 14. Rbc1 b5 ({Black should play} 14... Nh5 $11 15. Bxe7 Qxe7) 15. Nf4 Bd7 16. Bf5 Rc8 17. Bxd7 Qxd7 18. Bxf6 Bxf6 19. Nce2 Be7 20. Nd3 Bd6 {Accuracy: White = 32%, Black = 23%.} 1/2-1/2

[Event "2nd Gujarat Open 2019"]
[Site "Ahmedabad, Gujarat"]
[Date "2019.09.24"]
[Round "4.31"]
[White "Vijay, Anand M."]
[Black "Anustoop Biswas"]
[Result "1/2-1/2"]
[WhiteElo "1806"]
[BlackElo "2154"]
[Annotator "RC"]
[PlyCount "120"]
[EventDate "2019.09.22"]
[EventCountry "IND"]
[SourceTitle "playchess.com"]
[Source "ChessBase"]
[SourceQuality "1"]
[TimeControl "5400+30"]

1. e4 {[%emt 0:01:51]} e6 {[%emt 0:01:42]} 2. d4 {[%emt 0:00:11]} d5 {[%emt 0:00:19]} 3. Nc3 {[%emt 0:00:06]} Be7 {[%emt 0:01:41]} 4. Bd3 {[%emt 0:01:58]} Nc6 {[%emt 0:05:19]} 5. Nf3 {[%emt 0:02:58]} Nb4 {[%emt 0:01:02]} 6. O-O {[%emt 0:03:44]} Nxd3 {[%emt 0:01:22]} 7. Qxd3 {[%emt 0:00:07]} Nf6 {[%emt 0:05:41]} 8. Re1 {[%emt 0:03:01]} a6 {[%emt 0:05:31]} 9. Bf4 {[%emt 0:13:03]} h6 {[%emt 0:16:24]} 10. Be5 {[%emt 0:03:38]} O-O {[%emt 0:03:22]} 11. Rad1 {[%emt 0:02:55]} b6 {[%emt 0:02:31]} 12. exd5 {[%emt 0:07:23]} exd5 {[%emt 0:00:22]} 13. h3 {[%emt 0:00:10]} Be6 {[%emt 0:03:43]} 14. Bxf6 {[%emt 0:07:03]} Bxf6 {[%emt 0:00:18]} 15. Ne5 {[%emt 0:00:13]} Qd6 {[%emt 0:00:12]} 16. f4 {[%emt 0:01:26]} Rfe8 {[%emt 0:00:55]} 17. Qf3 {[%emt 0:00:57]} Rad8 {[%emt 0:01:31]} 18. Ne2 {[%emt 0:09:05]} Bf5 {[%emt 0:05:06]} 19. c3 {[%emt 0:02:03]} Be4 {[%emt 0:02:23]} 20. Qh5 {[%emt 0:01:12]} Bxe5 {[%emt 0:25:56]} 21. fxe5 {[%emt 0:01:05]} Qd7 {[%emt 0:00:01]} 22. Ng3 {[%emt 0:00:56]} Bg6 {[%emt 0:00:02]} 23. Qg4 {[%emt 0:03:04]} Qxg4 {[%emt 0:00:38]} 24. hxg4 {[%emt 0:00:18]} Re6 {[%emt 0:00:13]} 25. Ne2 {[%emt 0:05:02]} Be4 {[%emt 0:00:10]} 26. Nf4 {[%emt 0:00:05]} Rc6 {[%emt 0:00:50]} 27. Kf2 {[%emt 0:00:24]} b5 {[%emt 0:00:12]} 28. Rc1 {[%emt 0:00:54]} f6 {[%emt 0:02:16]} 29. exf6 {[%emt 0:09:21]} Rxf6 {[%emt 0:00:38]} 30. Kg3 {[%emt 0:00:04]} Rdf8 {[%emt 0:00:19]} 31. Nh3 {[%emt 0:00:07]} h5 {[%emt 0:09:02]} 32. g5 {[%emt 0:09:05]} Rf5 {[%emt 0:00:22]} 33. Re2 {[%emt 0:00:14]} Kh7 {[%emt 0:00:28]} 34. Rce1 {[%emt 0:03:28]} Kg6 {[%emt 0:00:39]} 35. Kh4 {[%emt 0:00:25]} c6 {[%emt 0:04:22]} 36. g3 {[%emt 0:01:33]} Rf1 {[%emt 0:01:17]} 37. Rxf1 {[%emt 0:00:35]} Rxf1 {[%emt 0:00:02]} 38. Rh2 {[%emt 0:02:04]} Ra1 {[%emt 0:01:29]} 39. a3 {[%emt 0:00:11]} Bf3 {[%emt 0:00:07]} 40. Nf4+ {[%emt 0:00:08]} Kh7 {[%emt 0:01:00]} 41. Nxh5 {[%emt 0:00:09]} g6 {[%emt 0:00:21]} 42. Nf6+ {[%emt 0:00:47]} Kg7 {[%emt 0:00:06]} 43. g4 {[%emt 0:00:49]} Rg1 {[%emt 0:01:02]} 44. Rf2 {[%emt 0:00:51]} Bd1 {[%emt 0:00:02]} 45. Kh3 {[%emt 0:00:35]} Re1 {[%emt 0:00:05]} 46. Kg3 {[%emt 0:00:28]} a5 {[%emt 0:00:26]} 47. Rd2 {[%emt 0:01:28]} Ba4 {[%emt 0:00:39]} 48. Kf2 {[%emt 0:00:38]} Re7 {[%emt 0:01:03]} 49. Re2 {[%emt 0:00:16]} Kf7 {[%emt 0:00:40]} 50. Rxe7+ {[%emt 0:03:16]} Kxe7 {[%emt 0:00:01]} 51. Ke3 {[%emt 0:00:14]} Bd1 {[%emt 0:00:24]} 52. b4 {[%emt 0:00:12]} a4 {[%emt 0:00:35]} 53. Kf4 {[%emt 0:00:05]} Be2 {[%emt 0:00:38]} 54. Ke5 {[%emt 0:00:33]} Bc4 {[%emt 0:00:08]} 55. Ng8+ {[%emt 0:00:20]} Kf7 {[%emt 0:00:03]} 56. Nh6+ {[%emt 0:01:08]} Ke7 {[%emt 0:00:06]} 57. Nf5+ {[%emt 0:01:29]} Kf7 {[%emt 0:00:42]} 58. Nd6+ {[%emt 0:00:51]} Ke7 {[%emt 0:00:01]} 59. Nb7 {[%emt 0:01:18]} Bd3 {[%emt 0:00:27]} 60. Na5 {[%emt 0:00:10]} Kd7 {[%emt 0:00:03]} 1/2-1/2